Spell the Marvel Character #47 - Statistics

General Stats
  • This quiz has been taken 34 times
  • The average score is 9 of 11
Answer Stats
Picture Answer % Correct
Groot
100%
Human Torch
100%
Punisher
100%
Scarlet Witch
100%
Iron Fist
96%
Daredevil
92%
Lockjaw
88%
Tigra
75%
Lightspeed
71%
Elsa Bloodstone
54%
Excalibur
38%
No matching quizzes found
Score Distribution
Percent of People with Each Score
Percentile by Number Answered
Your Score History
You have not taken this quiz